| 000 | 01322cam a22003857a 4500 | ||
|---|---|---|---|
| 003 | CHAP | ||
| 005 | 20220329141110.0 | ||
| 008 | 971013s1997 r 00010 d | ||
| 010 | _a62539 | ||
| 011 | _a63511 | ||
| 035 | _a67687 | ||
| 040 | _cCHAP | ||
| 090 | _aTesis | ||
| 100 | 0 | 0 |
_aManjarrez Martínez, Ma. de Jesús. _970485 |
| 245 | 1 | 3 | _aLa vermicomposta y la micorriza arbuscular en la producción de especies hortícolas |
| 260 |
_aChapingo, Méx. : _bEl autor, _c1997 |
||
| 300 |
_a104 h. _b: ilus. ; gráfs. |
||
| 502 | _aTesis (Ing. Agr. Esp. en Fitotecnia) -- UACH. Departamento de Fitotecnia | ||
| 590 |
_aALEPH _b10 _c20130110 _lUCH01 _h1345 |
||
| 590 |
_aBATCH-UPD _b10 _c20130110 _lUCH01 _h0528 |
||
| 590 |
_aBATCH-UPD _b10 _c20130410 _lUCH01 _h0208 |
||
| 590 |
_aBATCH-UPD _b10 _c20130914 _lUCH01 _h0906 |
||
| 590 |
_aCONVERSION _b10 _c20130109 _lUCH01 _h1334 |
||
| 650 | 1 | 4 |
_aCebolla _xInoculación. _920780 |
| 650 | 1 | 4 |
_aChile serrano _xInoculación. _922514 |
| 650 | 1 | 4 |
_aCompost. _926105 |
| 650 | 1 | 4 |
_aGlomus. _948310 |
| 650 | 1 | 4 |
_aLechuga _xInoculación. _965463 |
| 650 | 1 | 4 |
_aMicorriza. _975486 |
| 650 | 1 | 4 |
_aTomate verde _xInoculación. _9113820 |
| 901 | _aBK | ||
| 942 | _cFOLL | ||
| 949 |
_bBC _cTES _d-153063 _eTS1 _h31133 _i67687 _si |
||
| 949 |
_bBC _cTES _d33724000635595 _eTS2 _fc.2 _h31134 _i67687 _si |
||
| 999 |
_c62539 _d62539 |
||